000 00316nam a2200121Ia 4500
008 190722s9999 xx 000 0 und d
020 _a978-1-4354-6065-2
100 _aStanley R. Alten
245 0 _aRecording And Producing Audio For Media
260 _aBoston
_bCengage Learning
_c2012
300 _a736
942 _cBK
999 _c1058
_d1058